000 00314nam a22001337a 4500
003 SGT
020 _a9789389354522
082 _a615
_bBOD
100 _aBODAKHE SURENDRA H
245 _aGUIDELINES AND SCREENING METHODS OF PHARMACOLOGY
260 _aINDIA
_bPHARMA MED
_c2026
300 _a209
942 _2ddc
_cBK
999 _c34450
_d34450